000 00691nam a2200289Ia 4500
005 20260324125939.0
008 008 260324s9999 xx 000 0 eng d
020 _a9780203939611
037 _aEBOOK
040 _aCRL
040 _beng
040 _cCRL
041 _2eng
041 _aeng
084 _qCRL
100 _aElizabeth J. Allan
_91179943
245 0 _aPolicy Discourses, Gender, and Education
245 0 _bConstructing Women's Status
260 _bTaylor and Francis
260 _c2008
365 _a
365 _b240
856 _uhttp://www.taylorfrancis.com/books/9780203939611
942 _cEBOOK
999 _c1775627
_d1775627